| 000 | 00333nam a22001457a 4500 | ||
|---|---|---|---|
| 003 | SGT | ||
| 020 | _a978-81-924060-9-1 | ||
| 082 |
_a610.72 _bN15C |
||
| 100 | _aCHOWDHURY, SUNANDA S.R. | ||
| 245 | _aTB. OF NURSING RESEARCH | ||
| 250 | _a1ST | ||
| 260 |
_aINDIA _bKUMAR PUB _c2015 |
||
| 650 | _aNURSING RESEARCH | ||
| 942 |
_2ddc _cBK |
||
| 999 |
_c20142 _d20142 |
||